000 00483nam a2200169Ia 4500
003 LDD
008 190117s9999 xx 000 0 und d
020 _c₹25
040 _cLDD
041 _ahi
082 _a8H3.7 रं 1674
100 _aअश्क, उपेन्द्रनाथ
245 0 _aरंग साज
_cउपेन्द्रनाथ अश्क
260 _aइलाहाबाद
_bनीलाभ
_c1958
300 _a185पृ.
942 _2ddc
_cH
999 _c154726
_d154726